<?xml version="1.0" encoding="UTF-8"?>
<record
    xmlns:xsi="http://www.w3.org/2001/XMLSchema-instance"
    xsi:schemaLocation="http://www.loc.gov/MARC21/slim http://www.loc.gov/standards/marcxml/schema/MARC21slim.xsd"
    xmlns="http://www.loc.gov/MARC21/slim">

  <leader>00383    a2200157   4500</leader>
  <controlfield tag="003">Nust</controlfield>
  <controlfield tag="005">20170207164553.0</controlfield>
  <datafield tag="020" ind1=" " ind2=" ">
    <subfield code="a">0-471-43497-3</subfield>
  </datafield>
  <datafield tag="040" ind1=" " ind2=" ">
    <subfield code="c">Nust</subfield>
  </datafield>
  <datafield tag="245" ind1=" " ind2=" ">
    <subfield code="a">CALCULUS EARLY TRANSCENDENTALS  (E BOOK)</subfield>
    <subfield code="c">Howard Anton</subfield>
  </datafield>
  <datafield tag="250" ind1=" " ind2=" ">
    <subfield code="a">Seventh Edition</subfield>
  </datafield>
  <datafield tag="260" ind1=" " ind2=" ">
    <subfield code="a">USA</subfield>
    <subfield code="b">John Wiley &amp; Sons</subfield>
    <subfield code="c">2002.</subfield>
  </datafield>
  <datafield tag="300" ind1=" " ind2=" ">
    <subfield code="a">730p</subfield>
  </datafield>
  <datafield tag="500" ind1=" " ind2=" ">
    <subfield code="a">E BOOK</subfield>
  </datafield>
  <datafield tag="650" ind1=" " ind2=" ">
    <subfield code="a">SolutionsManual-Caclculus</subfield>
  </datafield>
  <datafield tag="942" ind1=" " ind2=" ">
    <subfield code="2">ddc</subfield>
    <subfield code="c">BK</subfield>
  </datafield>
  <datafield tag="999" ind1=" " ind2=" ">
    <subfield code="c">209361</subfield>
    <subfield code="d">209361</subfield>
  </datafield>
  <datafield tag="952" ind1=" " ind2=" ">
    <subfield code="0">0</subfield>
    <subfield code="1">0</subfield>
    <subfield code="2">ddc</subfield>
    <subfield code="4">0</subfield>
    <subfield code="7">0</subfield>
    <subfield code="8">NFIC</subfield>
    <subfield code="a">MCS</subfield>
    <subfield code="b">MCS</subfield>
    <subfield code="d">2016-12-12</subfield>
    <subfield code="l">0</subfield>
    <subfield code="o">515</subfield>
    <subfield code="p">MCSEB-1167</subfield>
    <subfield code="r">2016-12-08</subfield>
    <subfield code="w">2016-12-12</subfield>
    <subfield code="y">BK</subfield>
  </datafield>
</record>
